Technológia pre 3. ročník OU a UŠ učebný odbor lakovač /

Saved in:
Bibliographic Details
Main Author: Štěpánek, Jaroslav (Author)
Format: Book
Language:Czech
Published: Bratislava : Alfa, vydavateľstvo technickej a ekonomickej literatúry, 1973
Series:rz1
Online Access: Get full text
Tags: Add Tag
No Tags, Be the first to tag this record!

MARC

LEADER 00000cam a2200000 4500
003 SK-BrCVT
005 20220621172456.0
008 090818s1973 cs e ||||||cze d
035 |a CVTIDWR004130 
040 |a    |b slo  |c    |d   
041 0 |a cze 
044 |a cs 
100 |a Štěpánek, Jaroslav  |4 aut 
245 1 0 |a Technológia pre 3. ročník OU a UŠ učebný odbor lakovač /  |c Jaroslav Štěpánek 
260 3 |a Bratislava :  |b Alfa, vydavateľstvo technickej a ekonomickej literatúry,  |c 1973 
300 |a 94 s. 
830 |a rz1 
974 |f Knihy 
999 |c 195806  |d 195806